000 00662nam a22002177a 4500
003 UA-OsUOA
001 73111
007 ta
008 20110210b un ||||| |||| 00| 0 ukr d
100 _aФілоненко Р.
090 _a32
_bФ68
942 _cSA
040 _aUA-OsUOA
_bukr
_cUA-OsUOA
_dUA-OsUOA
245 _aДемократизація українського суспільства - засаднича складова входження України до простору Європи
300 _aС.9-12
955 _a0
041 _aukr
080 _a32
773 0 _w73107
_tВіче
_dК.
_d2011
_g2
650 7 _a32 Політика
_2UDC
999 _c359398
_d359398